000 01202pab a2200193 454500
008 180718b2010 xxu||||| |||| 00| 0 eng d
100 _aMaria de-Miguel-Molina
245 _aE-government in Spain: an analysis of the right to quality e-government
260 _c2010
300 _ap.1-10
362 _aJan
520 _aThe purpose of this article is to analyze the right to quality e-Government in Spain from the perspective of the New Public Management and Governance paradigms. We question whether Spain's e-Government is ready to guarantee citizens' rights to e-Government and to increase citizens' participation. We conclude that due to the incipient development of Spanish e-Government, the e-Government law is perhaps better suited to the medium/long term than to the present and that it is also too early to evaluate the progress of e-Governance in Spain. We have also concluded that we have no control over how fast technology will continue to change in the ICT sector. - Reproduced.
650 _aPublic administration - Spain
650 _aE governance - Spain
650 _aE governance
773 _aInternational Journal of Public Administration
908 _aN
909 _a86084
999 _c86084
_d86084